| 000 | 00686nam a2200205 a 4500 | ||
|---|---|---|---|
| 001 | 890 | ||
| 003 | CDMR | ||
| 005 | 20131021133324.0 | ||
| 008 | 130130s1967||||||||||||||||||||||||||||d | ||
| 040 |
_aCDMR _bcat _cCDMR |
||
| 100 | 1 |
_aNieto, Alfonso _9279 |
|
| 245 | 1 | 3 |
_aEl concepto de empresa periodística _cAlfonso Nieto |
| 260 |
_aPamplona _c1967 _bUniversidad de Navarra. Instituto de Periodismo |
||
| 300 | _a87 p. | ||
| 490 | 0 |
_aCuadernos de Trabajo de Periodismo (Universidad de Navarra) _v10 |
|
| 650 | 0 | 4 |
_94149 _aEmpreses periodístiques _xDret i legislació |
| 650 | 0 | 4 |
_94120 _aEmpreses periodístiques _zEspanya |
| 650 | 0 | 4 |
_9405 _aMitjans de comunicació de massa |
| 942 |
_cMON _2udc |
||
| 999 |
_c890 _d890 |
||